Los Figueroa aproximación a su época y a su pintura (Registro nro. 43818)

Detalles MARC
000 -ENCABEZADO
Número de control [NR] 01452nam a2200289Ia 4500
008 - DE LONGITUD FIJA DE DATOS DE ELEMENTOS - INFORMACIÓN GENERAL
Elementos de longitud fija [NR] 130821s1986 ck ao gr spa
020 ## - NUMERO INTERNACIONAL NORMALIZADO PARA LIBROS [R]
Número Internacional Normalizado del libro [NR] 9589138012
040 ## - FUENTE DE CATALOGACION [NR]
Agencia de catalogación original [NR] Co-BoUCM
Idioma de catalogación [NR] spa
041 00 - CODIGO DE IDIOMA [R]
Código de idioma para texto/pista de sonido o título separado [R] Español
110 2# - ASIENTO PRINCIPAL--NOMBRE CORPORATIVO [NR]
Nombre corporativo o de jurisdicción como elemento de entrada [NR] Museo de Arte Moderno de Bogotá
ID de autoridad 4460
245 14 - MENCION DE TITULO [NR]
Título [NR] Los Figueroa aproximación a su época y a su pintura
Mención de responsabilidad, etc. [NR] Museo de Arte Moderno de Bogotá ; diseño y edición editorial Benjamín Villegas Jiménez ; fotografía Julio César Flórez y Óscar Monsalve
260 ## - PUBLICACION, DISTRIBUCION, ETC. (PIE DE IMPRENTA) [R]
Lugar de publicación, distribución, etc. [R] Bogotá (Colombia)
Nombre del editor, distribuidor, etc. [R] Villegas Editores
Fecha de publicación, distribución, etc. [R] 1986
300 ## - DESCRIPCION FISICA [R]
Extensión [R] 221 páginas
Otros detalles físicos [NR] ilustraciones, fotografías
504 ## - NOTA DE BIBLIOGRAFIA, ETC. [R]
Nota de bibliografía, etc. [NR]
600 14 - ASIENTO SECUNDARIO DE MATERIA - NOMBRE PERSONAL [R]
Nombre personal [NR] Figueroa, Baltasar Vargas de
Fechas asociadas con el nombre [NR] 1629-1667
Subdivisión general [R] Crítica e interpretación, etc.
9 (RLIN) 161381
600 14 - ASIENTO SECUNDARIO DE MATERIA - NOMBRE PERSONAL [R]
Nombre personal [NR] Figueroa, Baltasar Vargas de
Fechas asociadas con el nombre [NR] Ca 1560-1659
Subdivisión general [R] Crítica e interpretación, etc.
9 (RLIN) 161382
600 14 - ASIENTO SECUNDARIO DE MATERIA - NOMBRE PERSONAL [R]
Nombre personal [NR] Figueroa, Gaspar de
Fechas asociadas con el nombre [NR] Ca 1594-1658
Subdivisión general [R] Crítica e interpretación, etc.
9 (RLIN) 161383
610 14 - ASIENTO SECUNDARIO DE MATERIA - NOMBRE CORPORATIVO [R]
Nombre corporativo o nombre de la jurisdicción como elemento de entrada [NR] Museo de Arte Moderno de Bogotá
Subdivisión de forma [R] Exposiciones
9 (RLIN) 4460
650 04 - ASIENTO SECUNDARIO DE MATERIA - TERMINO TEMATICO [R]
Término temático o nombre geográfico como elemento de entrada [NR] Arte
9 (RLIN) 9444
650 04 - ASIENTO SECUNDARIO DE MATERIA - TERMINO TEMATICO [R]
Término temático o nombre geográfico como elemento de entrada [NR] Pintores colombianos
Subdivisión general [R] Historia
Subdivisión cronológica [R] 1580-1667
9 (RLIN) 21506
650 04 - ASIENTO SECUNDARIO DE MATERIA - TERMINO TEMATICO [R]
Término temático o nombre geográfico como elemento de entrada [NR] Pintura colombiana
Subdivisión cronológica [R] Siglo XVII
9 (RLIN) 21532
700 1# - ASIENTO SECUNDARIO - NOMBRE PERSONAL [R]
Nombre personal [NR] Flórez, Julio César
Término de relación [R]
9 (RLIN) 90607
700 1# - ASIENTO SECUNDARIO - NOMBRE PERSONAL [R]
Nombre personal [NR] Monsalve Pino, Óscar
Fechas asociadas con el nombre [NR] 1949-,fotógrafo.
9 (RLIN) 161384
700 1# - ASIENTO SECUNDARIO - NOMBRE PERSONAL [R]
Nombre personal [NR] Villegas Jiménez, Benjamín
Fechas asociadas con el nombre [NR] 1948-
Término de relación [R]
9 (RLIN) 28839
942 ## - ELEMENTOS DE ENTRADA AGREGADOS (KOHA)
Tipo de ítem principal el descrito en 300a Libro
Tema principal Arte
Edición 1
Parte restante de la signatura top. M986f
Sistema de clasificación DEWEY
Clasificación 759.9861
Existencias
Fecha de último préstamo Total préstamos Total Renewals Signatura topográfica Código de barras Última vez visto Ejemplar Price effective from Tipo de ítem Nota pública (OPAC) Perdido Sistema de clasificación Dañado No prestable Tipo de ítem específico Suprimido Ubicación habitual Ubicación actual Localización Fecha de creación Forma de adquisición Costo
08/03/2022 5 1 759.9861 M986f 100062759 05/12/2025 Ej.1 03/02/2013 Libro Spot Artes Visuales   DEWEY     Libro   Claustro Claustro Mezanine 30/09/2004 Donación 26000.00